000 00743nam a2200253Ia 4500
003 OSt
005 20220918203536.0
006 a|||||r|||| 00| 0
007 ta
008 220917b |||||||| |||| 00| 0 eng d
024 _a108,896
037 _cTextual
040 _aARTS
_cARTS
_beng
041 _2eng
_aeng
082 _aV461.N53<-N01, L6
100 _aTroeller Gary
_9109041
245 0 _aBirth of Saudi Arabia
_b Britain and the rise of the house of Saud
260 _aLondon
_bFrank Cass UK
_c1976
300 _axxii, 287p. maps
_ccm.
500 _aAppendix p245-256 (1-3); Bibliography p257-267
650 _aHISTORY
942 _hV461.N53<-N01, L6
_cTEXL
_2CC
999 _c232250
_d232250